000 00381nam a2200169Ia 4500
001 25085
003 IN-NITTTR
005 20251114233319.0
008 251113s9999||||xx |||||||||||||| ||eng||
040 _beng
040 _cIN-NITTTR
041 _aeng
082 _a004.6 D34U
100 _aDerfler, Frank J.
245 0 _aUsing networks /
_cDerfler, Frank J.
942 _2ddc
_cBK
999 _c27714
_d27714